000 01112cam a2200301 a 4500
001 13262164
003 OSt
005 20260321131124.0
008 030703s2004 nyuab b 001 0 eng
010 _a 2003272008
020 _a0471230707
040 _aDLC
_cMUST
_dDLC
082 0 0 _a337 SAL 2004
100 1 _aSalvatore, Dominick.
_97686
245 1 0 _aInternational Economics
250 _a8th ed.
260 _aNew York :
_bJ. Wiley,
_c2004.
300 _axxxviii, 826 p. :
_bcol.ill, col. map ;
_c24 cm.
500 _aMap on lining paper.
504 _aIncludes bibliographical references and indexes.
650 0 _aInternational economics
_91023
650 0 _aEconomics
_9975
856 4 2 _3Publisher description
_uhttp://www.loc.gov/catdir/description/wiley037/2003272008.html
856 4 1 _3Table of contents
_uhttp://www.loc.gov/catdir/toc/wiley032/2003272008.html
906 _a7
_bcbc
_corigcop
_d3
_encip
_f20
_gy-gencatlg
942 _2ddc
_cO_SHELF
999 _c9048
_d9048